000 00570nam a22002297a 4500
003 UA-OsUOA
001 98803
007 ta
008 20130418b un ||||| |||| 00| 0 ukr d
100 _aСалимов Б.
090 _a821.353.1
_bС16
942 _cBK
040 _aUA-OsUOA
_brus
_cUA-OsUOA
_dUA-OsUOA
245 _aСвои и наши
300 _a45 с.
955 _a3
041 _arus
080 _a821.353.1
260 _aМ.
_bПравда
_c1991
650 7 _a82 Література. Літературознавство
_2UDC
999 _c308243
_d308243